<?xml version="1.0" encoding="UTF-8"?>
<record
    xmlns:xsi="http://www.w3.org/2001/XMLSchema-instance"
    xsi:schemaLocation="http://www.loc.gov/MARC21/slim http://www.loc.gov/standards/marcxml/schema/MARC21slim.xsd"
    xmlns="http://www.loc.gov/MARC21/slim">

  <leader>00706nac a22001811u 4500</leader>
  <controlfield tag="008">080827s1992    ua||||||r|||  000 0 ara  d</controlfield>
  <datafield tag="020" ind1=" " ind2=" ">
    <subfield code="a">977533702x</subfield>
  </datafield>
  <datafield tag="082" ind1=" " ind2=" ">
    <subfield code="a">147</subfield>
    <subfield code="b">&#x639; &#x62F; &#x648;</subfield>
    <subfield code="2">22</subfield>
  </datafield>
  <datafield tag="100" ind1=" " ind2=" ">
    <subfield code="a">&#x627;&#x644;&#x639;&#x62F;&#x648;&#x64A; &#x60C; &#x645;&#x62D;&#x645;&#x62F; &#x635;&#x627;&#x62F;&#x642;</subfield>
    <subfield code="9">21656</subfield>
  </datafield>
  <datafield tag="245" ind1=" " ind2=" ">
    <subfield code="a">/&#x627;&#x644;&#x639;&#x644;&#x627;&#x62C; &#x627;&#x644;&#x631;&#x648;&#x62D;&#x64A;</subfield>
    <subfield code="b">&#x645;&#x62D;&#x645;&#x62F; &#x635;&#x627;&#x62F;&#x642; &#x627;&#x644;&#x639;&#x62F;&#x648;&#x64A;</subfield>
  </datafield>
  <datafield tag="260" ind1=" " ind2=" ">
    <subfield code="a">&#x627;&#x644;&#x627;&#x633;&#x643;&#x646;&#x62F;&#x631;&#x64A;&#x629; :</subfield>
    <subfield code="b">&#x62F;&#x627;&#x631; &#x635;&#x627;&#x62F;&#x642; &#x60C;1992</subfield>
    <subfield code="c">1992.</subfield>
  </datafield>
  <datafield tag="300" ind1=" " ind2=" ">
    <subfield code="a">58 &#x635;&#x61B;</subfield>
    <subfield code="c">24 &#x633;&#x645;</subfield>
  </datafield>
  <datafield tag="500" ind1=" " ind2=" ">
    <subfield code="a">&#x627;&#x644;&#x639;&#x646;&#x648;&#x627;&#x646; &#x639;&#x644;&#x649; &#x627;&#x644;&#x63A;&#x644;&#x627;&#x641;: &#x627;&#x644;&#x639;&#x644;&#x627;&#x62C; &#x627;&#x644;&#x631;&#x648;&#x62D;&#x649; &#x628;&#x64A;&#x646; &#x627;&#x644;&#x639;&#x644;&#x645; &#x648;&#x627;&#x644;&#x62A;&#x637;&#x628;&#x64A;&#x642;</subfield>
  </datafield>
  <datafield tag="504" ind1=" " ind2=" ">
    <subfield code="a">&#x628;&#x628;&#x644;&#x64A;&#x648;&#x62C;&#x631;&#x627;&#x641;&#x64A;&#x629;: &#x635; 57-58</subfield>
  </datafield>
  <datafield tag="511" ind1=" " ind2=" ">
    <subfield code="a">Catalogued by: Sara</subfield>
  </datafield>
  <datafield tag="541" ind1=" " ind2=" ">
    <subfield code="a">&#x645;&#x643;&#x62A;&#x628;&#x629; &#x627;&#x644;&#x625;&#x633;&#x643;&#x646;&#x62F;&#x631;&#x64A;&#x629;;</subfield>
    <subfield code="c">&#x627;&#x647;&#x62F;&#x627;&#x621;;</subfield>
  </datafield>
  <datafield tag="942" ind1=" " ind2=" ">
    <subfield code="c">BB</subfield>
    <subfield code="k">147&#x639; &#x62F; &#x648;</subfield>
    <subfield code="2">ddc</subfield>
  </datafield>
  <datafield tag="999" ind1=" " ind2=" ">
    <subfield code="c">6650</subfield>
    <subfield code="d">6650</subfield>
  </datafield>
  <datafield tag="952" ind1=" " ind2=" ">
    <subfield code="0">0</subfield>
    <subfield code="1">0</subfield>
    <subfield code="2">ddc</subfield>
    <subfield code="4">0</subfield>
    <subfield code="7">0</subfield>
    <subfield code="8"> </subfield>
    <subfield code="a">MAIN</subfield>
    <subfield code="b">MAIN</subfield>
    <subfield code="c">LOW</subfield>
    <subfield code="d">2007-11-28</subfield>
    <subfield code="e">Donation</subfield>
    <subfield code="o">147 &#x639; &#x62F; &#x648;</subfield>
    <subfield code="p">000008118</subfield>
    <subfield code="r">2025-07-15 00:00:00</subfield>
    <subfield code="y">BB</subfield>
    <subfield code="z">&#x62C;2</subfield>
  </datafield>
  <datafield tag="952" ind1=" " ind2=" ">
    <subfield code="0">0</subfield>
    <subfield code="1">0</subfield>
    <subfield code="2">ddc</subfield>
    <subfield code="4">0</subfield>
    <subfield code="7">0</subfield>
    <subfield code="8">Alef-Baa</subfield>
    <subfield code="a">MAIN</subfield>
    <subfield code="b">MAIN</subfield>
    <subfield code="c">LOW</subfield>
    <subfield code="d">2007-11-28</subfield>
    <subfield code="e">purchase</subfield>
    <subfield code="o">147 &#x639; &#x62F; &#x648;</subfield>
    <subfield code="p">000008119</subfield>
    <subfield code="r">2025-07-15 00:00:00</subfield>
    <subfield code="s">2009-11-25</subfield>
    <subfield code="y">BB</subfield>
  </datafield>
  <datafield tag="952" ind1=" " ind2=" ">
    <subfield code="0">0</subfield>
    <subfield code="1">0</subfield>
    <subfield code="2">ddc</subfield>
    <subfield code="4">0</subfield>
    <subfield code="7">0</subfield>
    <subfield code="8"> </subfield>
    <subfield code="a">MAIN</subfield>
    <subfield code="b">MAIN</subfield>
    <subfield code="c">LOW</subfield>
    <subfield code="d">2011-03-08</subfield>
    <subfield code="e">purchase</subfield>
    <subfield code="o">147 &#x639; &#x62F; &#x648;</subfield>
    <subfield code="p">000008120</subfield>
    <subfield code="r">2025-07-15 00:00:00</subfield>
    <subfield code="s">2022-02-27</subfield>
    <subfield code="y">BB</subfield>
  </datafield>
</record>
